000 00334nam a2200097Ia 4500
082 _a320.91724 SMITH
245 0 _aUnderstanding Third World politics : theories of political change and development
100 _a Smith, Brian C. , 1938- Basingstoke, [c.2009] 3rd ed
942 _cBK
008 210817s9999 xx 000 0 und d
999 _c196031
_d196032